[Event "XtraCon-Skakligaen"]
[Site "Denmark"]
[Date "2010.11.07"]
[Round "2.6"]
[White "Nielsen, John Bauneborg"]
[Black "Rendboe, John Filip"]
[Result "0-1"]
[WhiteElo "2148"]
[BlackElo "2280"]
[PlyCount "114"]
[EventDate "2010.11.06"]
[EventType "team-tourn"]
[EventRounds "9"]
[WhiteTeam "Norresundby"]
[BlackTeam "Aarhus/Skolerne"]
[WhiteTeamCountry "DEN"]
[BlackTeamCountry "DEN"]

1. d4 Nf6 2. Nf3 d5 3. c4 c6 4. cxd5 cxd5 5. Nc3 Nc6 6. Bf4 e6 7. e3 Be7 8. Bd3
O-O 9. Rc1 a6 10. h3 b5 11. O-O Bb7 12. a4 b4 13. Nb1 Rc8 14. Nbd2 Na5 15. Qe2
Qb6 16. Ne5 b3 17. g4 Qb4 18. g5 Ne4 19. Nxe4 dxe4 20. Bxa6 Bxa6 21. Qxa6 Rc2
22. Nd7 Re8 23. Nb6 Bd8 24. Nc8 Qxa4 25. Nd6 Rf8 26. Ra1 Qc6 27. Qxc6 Nxc6 28.
Nxe4 Be7 29. Ra6 Rc8 30. Rfa1 f5 31. gxf6 gxf6 32. Nd6 Bxd6 33. Bxd6 Rxb2 34.
Rb6 Kf7 35. Rb7+ Kg6 36. Ba3 Ra2 37. Rxa2 bxa2 38. Bb2 Na5 39. Ra7 Rc1+ 40. Kg2
a1=Q 41. Bxa1 Rxa1 42. Ra6 Kf5 43. Ra7 h6 44. Rh7 Nc4 45. Rxh6 Nd6 46. Kf3 Kg5
47. Rh7 f5 48. h4+ Kg6 49. Rd7 Ne4 50. Kf4 Kf6 51. Rh7 Nxf2 52. Rh6+ Ke7 53.
Rh7+ Kd6 54. Rh8 Rf1 55. Rd8+ Ke7 56. Rh8 Ng4+ 57. Kg5 Nxe3 0-1

[Event "XtraCon-Skakligaen"]
[Site "Denmark"]
[Date "2010.12.05"]
[Round "3.1"]
[White "Aagaard, Jacob"]
[Black "Hector, Jonny"]
[Result "1-0"]
[WhiteElo "2534"]
[BlackElo "2576"]
[PlyCount "83"]
[EventDate "2010.11.06"]
[EventType "team-tourn"]
[EventRounds "9"]
[WhiteTeam "Sydostfyn"]
[BlackTeam "Nordkalotten"]
[WhiteTeamCountry "DEN"]
[BlackTeamCountry "DEN"]

1. e4 e5 2. Nf3 Nc6 3. Bb5 f5 4. Nc3 Nf6 5. exf5 e4 6. Ng5 d5 7. d3 h6 8. Ne6
Bxe6 9. fxe6 Qd6 10. dxe4 Qxe6 11. O-O dxe4 12. Bf4 Bd6 13. Bxd6 cxd6 14. f3 e3
15. Qd3 O-O-O 16. Bxc6 bxc6 17. Rfe1 Rhe8 18. Qa6+ Kb8 19. Qxc6 Rc8 20. Qb5+
Ka8 21. Rad1 d5 22. Rd3 Rb8 23. Qa5 Qc6 24. a4 e2 25. Nxd5 Nxd5 26. Qxd5 Qxd5
27. Rxd5 Rxb2 28. Rc5 Rb4 29. a5 Rd4 30. Kf2 Rd2 31. Rc7 g5 32. Rc6 Kb7 33.
Rxh6 Rxc2 34. Rh5 Rc5 35. h4 Rxa5 36. hxg5 Rae5 37. g4 R5e6 38. Rh6 Re5 39. g6
a5 40. Rh5 a4 41. Rxe5 Rxe5 42. g7 1-0

[Event "XtraCon-Skakligaen"]
[Site "Denmark"]
[Date "2010.12.05"]
[Round "3.2"]
[White "Brynell, Stellan"]
[Black "Schandorff, Lars"]
[Result "1/2-1/2"]
[WhiteElo "2492"]
[BlackElo "2488"]
[PlyCount "53"]
[EventDate "2010.11.06"]
[EventType "team-tourn"]
[EventRounds "9"]
[WhiteTeam "Nordkalotten"]
[BlackTeam "Sydostfyn"]
[WhiteTeamCountry "DEN"]
[BlackTeamCountry "DEN"]

1. d4 Nf6 2. c4 g6 3. g3 Bg7 4. Bg2 d5 5. cxd5 Nxd5 6. e4 Nb6 7. Ne2 c5 8. d5
e6 9. O-O O-O 10. Nec3 Na6 11. a4 exd5 12. exd5 Bf5 13. Na3 Nb4 14. Be3 Nd3 15.
a5 Bxc3 16. axb6 Bxb2 17. g4 Bxa1 18. gxf5 Bd4 19. Qxd3 Bxe3 20. Qxe3 axb6 21.
Rd1 Qf6 22. fxg6 hxg6 23. d6 Rfe8 24. Qg3 Rad8 25. Bxb7 Re5 26. f4 Rf5 27. Nb5
1/2-1/2

[Event "XtraCon-Skakligaen"]
[Site "Denmark"]
[Date "2010.12.05"]
[Round "3.3"]
[White "Shaw, John"]
[Black "Pedersen, Daniel V"]
[Result "1-0"]
[WhiteElo "2439"]
[BlackElo "2296"]
[PlyCount "98"]
[EventDate "2010.11.06"]
[EventType "team-tourn"]
[EventRounds "9"]
[WhiteTeam "Sydostfyn"]
[BlackTeam "Nordkalotten"]
[WhiteTeamCountry "DEN"]
[BlackTeamCountry "DEN"]

1. e4 e5 2. Nf3 Nc6 3. Bb5 Nf6 4. O-O Nxe4 5. d4 Nd6 6. Bxc6 dxc6 7. dxe5 Nf5
8. Qxd8+ Kxd8 9. Nc3 Bd7 10. h3 h6 11. Bf4 Kc8 12. Rad1 Ne7 13. Rd2 b6 14. Rfd1
Be6 15. Rd8+ Kb7 16. Rxa8 Kxa8 17. Rd8+ Kb7 18. Nd4 Bc8 19. e6 fxe6 20. Nf3 Ng6
21. Be5 a6 22. Ne2 c5 23. Bc3 c6 24. Be5 Rh7 25. Re8 Be7 26. Nf4 Nxe5 27. Rxe7+
Nd7 28. Nxe6 Kb8 29. Rxg7 Rxg7 30. Nxg7 Nf6 31. g4 Kc7 32. Ne5 Kd6 33. Nf7+ Kd5
34. Nxh6 c4 35. Nhf5 Ke5 36. Ne3 b5 37. Kg2 a5 38. Kf3 c5 39. h4 Bb7+ 40. Ke2
c3 41. bxc3 Ne4 42. h5 Nxc3+ 43. Kd3 Nxa2 44. Ngf5 Nb4+ 45. Kd2 Nd5 46. Nxd5
Bxd5 47. h6 Bg8 48. Ne7 Bh7 49. g5 Be4 1-0

[Event "XtraCon-Skakligaen"]
[Site "Denmark"]
[Date "2010.12.05"]
[Round "3.4"]
[White "Nielsen, Lars Aaes"]
[Black "Pedersen, Steffen"]
[Result "0-1"]
[WhiteElo "2276"]
[BlackElo "2417"]
[PlyCount "126"]
[EventDate "2010.11.06"]
[EventType "team-tourn"]
[EventRounds "9"]
[WhiteTeam "Nordkalotten"]
[BlackTeam "Sydostfyn"]
[WhiteTeamCountry "DEN"]
[BlackTeamCountry "DEN"]

1. e4 c5 2. c3 Nf6 3. e5 Nd5 4. Nf3 e6 5. d4 cxd4 6. cxd4 d6 7. Bd3 Nb4 8. Bb5+
Bd7 9. Be2 Bc6 10. O-O Nd7 11. a3 Nd5 12. b4 a6 13. Re1 N7b6 14. Qb3 Ba4 15.
Qb2 Rc8 16. Ra2 Be7 17. Bd1 Bxd1 18. Rxd1 Na4 19. Qb3 Nac3 20. Nxc3 Nxc3 21.
Rad2 Nxd1 22. Rxd1 O-O 23. Bf4 dxe5 24. dxe5 Qc7 25. h3 Rfd8 26. Rc1 Qd7 27.
Re1 Qd3 28. Re3 Qd1+ 29. Kh2 h6 30. Qxd1 Rxd1 31. Rb3 Rd5 32. Be3 Rc4 33. Nd2
Rc2 34. Nf3 f6 35. Nd4 Rc4 36. Nxe6 Rxe5 37. Nf4 Bd6 38. g3 Re8 39. Nd5 Kf7 40.
Rd3 Rd8 41. Nb6 Rc6 42. Rb3 Rc2 43. Kg2 Be7 44. Na4 f5 45. g4 b5 46. Nc5 Bxc5
47. Bxc5 fxg4 48. hxg4 Rcd2 49. Rf3+ Kg8 50. a4 R2d3 51. axb5 Rxf3 52. Kxf3
axb5 53. Ke4 g6 54. f4 h5 55. gxh5 gxh5 56. f5 h4 57. Kf3 h3 58. Be7 Rd3+ 59.
Kf2 Kf7 60. f6 Rd7 61. Bc5 Kxf6 62. Kg3 Rd3+ 63. Kh2 Ke5 0-1

[Event "XtraCon-Skakligaen"]
[Site "Denmark"]
[Date "2010.12.05"]
[Round "3.5"]
[White "Borbjerggaard, Lars"]
[Black "Hove, Esben Kjems"]
[Result "1-0"]
[WhiteElo "2338"]
[BlackElo "2258"]
[PlyCount "129"]
[EventDate "2010.11.06"]
[EventType "team-tourn"]
[EventRounds "9"]
[WhiteTeam "Sydostfyn"]
[BlackTeam "Nordkalotten"]
[WhiteTeamCountry "DEN"]
[BlackTeamCountry "DEN"]

1. d4 d5 2. c4 c6 3. Nf3 Nf6 4. cxd5 cxd5 5. Nc3 Nc6 6. Bf4 Bf5 7. Rc1 a6 8.
Ne5 Rc8 9. e3 Qb6 10. Qd2 e6 11. f3 Nxe5 12. Bxe5 Nd7 13. Bg3 Bb4 14. a3 Bxc3
15. Rxc3 O-O 16. Be2 Rc6 17. Kf2 Rfc8 18. Rhc1 f6 19. b4 Bg6 20. Qb2 Be8 21. a4
Nf8 22. b5 axb5 23. axb5 Rxc3 24. Rxc3 Qd8 25. Qb4 Rxc3 26. Qxc3 Nd7 27. Bd6
Kf7 28. Ba3 Nb6 29. Qc5 Bd7 30. Bb4 Nc8 31. g4 b6 32. Qc2 g6 33. h4 Na7 34. Qa4
Qc7 35. Kg2 Nc8 36. Ba3 Qc3 37. Kf2 e5 38. Qa8 Ke6 39. Qa4 exd4 40. exd4 f5 41.
g5 Kf7 42. Qb4 Qxb4 43. Bxb4 Na7 44. Bd6 Bxb5 45. Bb8 Nc6 46. Bxb5 Nxb8 47. Ke3
Ke7 48. Kf4 Nd7 49. h5 Nf8 50. hxg6 hxg6 51. Ke5 Ne6 52. f4 Nc7 53. Bc6 b5 54.
Bxd5 Na6 55. Bc6 b4 56. Ba4 Nb8 57. Kd5 Nd7 58. Bxd7 Kxd7 59. Kc4 Kd6 60. Kxb4
Kd5 61. Kc3 Ke4 62. Kc4 Kxf4 63. d5 Ke5 64. Kc5 f4 65. d6 1-0

[Event "XtraCon-Skakligaen"]
[Site "Denmark"]
[Date "2010.12.05"]
[Round "3.6"]
[White "Kristensen, Kaare Hove"]
[Black "Nordenbaek, Jan"]
[Result "1-0"]
[WhiteElo "2260"]
[BlackElo "2271"]
[PlyCount "65"]
[EventDate "2010.11.06"]
[EventType "team-tourn"]
[EventRounds "9"]
[WhiteTeam "Nordkalotten"]
[BlackTeam "Sydostfyn"]
[WhiteTeamCountry "DEN"]
[BlackTeamCountry "DEN"]

1. e4 e5 2. Nf3 Nc6 3. d4 exd4 4. Nxd4 Nf6 5. Nxc6 bxc6 6. Bd3 d5 7. e5 Ng4 8.
O-O Bc5 9. Bf4 Nxf2 10. Rxf2 Bxf2+ 11. Kxf2 Qh4+ 12. Bg3 Qd4+ 13. Kf1 Bg4 14.
c3 Qe3 15. Qd2 Qb6 16. Bf2 c5 17. b4 Qe6 18. Bxc5 Qxe5 19. Qe3 Qxe3 20. Bxe3
O-O 21. Nd2 Rfe8 22. Bd4 a5 23. a4 Re6 24. bxa5 Rxa5 25. Nb3 Ra8 26. a5 c6 27.
h3 Bh5 28. a6 Bg6 29. Bxg6 hxg6 30. a7 Kf8 31. Ra6 Ke7 32. Nc5 Rd6 33. Na4 1-0

[Event "XtraCon-Skakligaen"]
[Site "Denmark"]
[Date "2010.12.05"]
[Round "3.7"]
[White "Nohr, Finn"]
[Black "Jakobsen, Peter"]
[Result "0-1"]
[WhiteElo "2102"]
[BlackElo "2230"]
[PlyCount "114"]
[EventDate "2010.11.06"]
[EventType "team-tourn"]
[EventRounds "9"]
[WhiteTeam "Sydostfyn"]
[BlackTeam "Nordkalotten"]
[WhiteTeamCountry "DEN"]
[BlackTeamCountry "DEN"]

1. e4 e5 2. Nf3 Nc6 3. Bb5 a6 4. Ba4 Nf6 5. O-O Be7 6. Re1 b5 7. Bb3 d6 8. c3
O-O 9. h3 Na5 10. Bc2 c5 11. d4 Qc7 12. Nbd2 Bd7 13. Nf1 Nc4 14. b3 Nb6 15. d5
c4 16. Bd2 g6 17. Ng3 Ne8 18. b4 a5 19. a3 Ng7 20. Bh6 axb4 21. axb4 Rxa1 22.
Qxa1 Ra8 23. Qb2 Na4 24. Bxa4 Rxa4 25. Ra1 Qa7 26. Rxa4 Qxa4 27. Qd2 Qa1+ 28.
Qc1 Qxc1+ 29. Bxc1 f5 30. Bg5 Bxg5 31. Nxg5 h6 32. Nf3 fxe4 33. Nxe4 Ne8 34.
Nfd2 Bc8 35. Nf1 Kf7 36. Ne3 Ke7 37. Nd2 Nc7 38. Nb1 Kf6 39. f3 h5 40. h4 g5
41. hxg5+ Kxg5 42. g3 h4 43. gxh4+ Kxh4 44. Kf2 Kg5 45. Kg3 Bb7 46. Na3 Ba8 47.
Naxc4 bxc4 48. Nxc4 Nxd5 49. Nxd6 Nxc3 50. b5 Na4 51. Nc4 Kf5 52. Nd6+ Ke6 53.
Ne4 Bxe4 54. fxe4 Nc3 55. b6 Nxe4+ 56. Kf3 Nd6 57. Ke3 Nc4+ 0-1

[Event "XtraCon-Skakligaen"]
[Site "Denmark"]
[Date "2010.12.05"]
[Round "3.1"]
[White "Matthiesen, Arne"]
[Black "Rasmussen, Karsten"]
[Result "1-0"]
[WhiteElo "2315"]
[BlackElo "2451"]
[PlyCount "169"]
[EventDate "2010.11.06"]
[EventType "team-tourn"]
[EventRounds "9"]
[WhiteTeam "SK1968"]
[BlackTeam "Aarhus/Skolerne"]
[WhiteTeamCountry "DEN"]
[BlackTeamCountry "DEN"]

1. c4 c5 2. Nf3 Nc6 3. Nc3 g6 4. g3 Bg7 5. Bg2 d6 6. O-O e5 7. a3 Nge7 8. Rb1
a5 9. d3 O-O 10. Bg5 f6 11. Bd2 Be6 12. Qa4 h6 13. Ne1 f5 14. Nd5 Bd7 15. Qd1
Kh7 16. b4 axb4 17. axb4 Nxd5 18. Bxd5 cxb4 19. Bxb4 Nxb4 20. Rxb4 Bc6 21. Qb3
Ra1 22. Nf3 Rxf1+ 23. Kxf1 Qf6 24. Nd2 Qg5 25. Qc2 Qh5 26. Bxc6 bxc6 27. Nf3
Qh3+ 28. Kg1 Rf7 29. c5 e4 30. dxe4 fxe4 31. Rxe4 Ra7 32. Ra4 Rxa4 33. Qxa4
dxc5 34. Qxc6 Qf5 35. Kg2 Qc2 36. e4 g5 37. Qe6 c4 38. Qf5+ Kg8 39. Qe6+ Kh8
40. h4 g4 41. Qc8+ Kh7 42. Qf5+ Kh8 43. Qxg4 c3 44. e5 Qd3 45. Qc8+ Kh7 46. Qc6
Kh8 47. e6 Qe2 48. h5 Kh7 49. Qe8 c2 50. Qg6+ Kh8 51. e7 Qxe7 52. Qxc2 Qf7 53.
Qc8+ Kh7 54. Qg4 Qd5 55. Qg6+ Kh8 56. Qe8+ Kh7 57. Qg6+ Kh8 58. g4 Bf8 59. Qe8
Kg7 60. Qe5+ Qxe5 61. Nxe5 Bd6 62. f4 Kf6 63. Ng6 Bb4 64. Kf3 Be1 65. Ke4 Bf2
66. Ne5 Be1 67. Nf3 Bc3 68. Nh4 Kg7 69. Nf5+ Kh7 70. g5 hxg5 71. fxg5 Bd2 72.
g6+ Kg8 73. Ke5 Bc3+ 74. Ke6 Bb2 75. h6 Bc3 76. Ke7 Bd2 77. Kf6 Bc3+ 78. Kg5
Bd2+ 79. Kh5 Bb4 80. Nd4 Bc3 81. Ne6 Bb2 82. g7 Kh7 83. Ng5+ Kg8 84. Kg6 Bxg7
85. h7+ 1-0

[Event "XtraCon-Skakligaen"]
[Site "Denmark"]
[Date "2010.12.05"]
[Round "3.2"]
[White "Skytte, Rasmus"]
[Black "Matthiesen, Martin"]
[Result "1-0"]
[WhiteElo "2409"]
[BlackElo "2271"]
[PlyCount "43"]
[EventDate "2010.11.06"]
[EventType "team-tourn"]
[EventRounds "9"]
[WhiteTeam "Aarhus/Skolerne"]
[BlackTeam "SK1968"]
[WhiteTeamCountry "DEN"]
[BlackTeamCountry "DEN"]

1. e4 c5 2. Nf3 d6 3. c3 Nf6 4. Be2 Nbd7 5. Qc2 Qc7 6. c4 e6 7. O-O Be7 8. Nc3
a6 9. d4 cxd4 10. Nxd4 O-O 11. Be3 b6 12. f4 Re8 13. Rad1 Bb7 14. f5 Bf8 15.
fxe6 fxe6 16. Kh1 Rac8 17. Bg5 d5 18. exd5 exd5 19. cxd5 Nxd5 20. Qb3 Nc5 21.
Nxd5 Nxb3 22. Nxc7 1-0

[Event "XtraCon-Skakligaen"]
[Site "Denmark"]
[Date "2010.12.05"]
[Round "3.3"]
[White "Bank, Pelle Rodkjaer"]
[Black "Sorensen, Jan"]
[Result "0-1"]
[WhiteElo "2245"]
[BlackElo "2411"]
[PlyCount "128"]
[EventDate "2010.11.06"]
[EventType "team-tourn"]
[EventRounds "9"]
[WhiteTeam "SK1968"]
[BlackTeam "Aarhus/Skolerne"]
[WhiteTeamCountry "DEN"]
[BlackTeamCountry "DEN"]

1. f4 d5 2. Nf3 Nf6 3. g3 c6 4. Bg2 Qb6 5. e3 Bg4 6. h3 Bxf3 7. Qxf3 Nbd7 8. g4
g6 9. b3 Bg7 10. Bb2 O-O-O 11. d3 Ne8 12. Bxg7 Nxg7 13. Nd2 Qa5 14. Qe2 e5 15.
O-O f5 16. c4 dxc4 17. Nxc4 Qc7 18. Qb2 Rhe8 19. Rac1 Kb8 20. b4 Re7 21. b5 c5
22. a4 exf4 23. exf4 Ne6 24. a5 Nxf4 25. b6 axb6 26. axb6 Nxb6 27. Rxf4 Qxf4
28. Nxb6 Qd4+ 29. Qxd4 cxd4 30. gxf5 gxf5 31. Ra1 Re5 32. Nc4 Rb5 33. Re1 Rd7
34. Re6 Kc7 35. Kf2 Rb3 36. Bf1 b5 37. Ne5 Rg7 38. Rc6+ Kd8 39. Rd6+ Ke7 40.
Rxd4 Rb2+ 41. Ke3 Ke6 42. Nf3 b4 43. Rf4 b3 44. Nd4+ Kd7 45. Nxf5 Rg1 46. Nd4
Rb1 47. Be2 b2 48. Rf7+ Kc8 49. Rf8+ Kb7 50. Rf7+ Kb6 51. Rf6+ Kb7 52. Rf7+ Kb6
53. Rf6+ Kc7 54. Rf7+ Kd6 55. Rb7 Rg3+ 56. Ke4 Rxh3 57. Rb6+ Kc7 58. Rb4 Rh6
59. Kd5 Rd6+ 60. Ke5 Rb6 61. Ne6+ Kb7 62. Nc5+ Kc6 63. Rc4 Rc1 64. Bf3+ Kb5 0-1

[Event "XtraCon-Skakligaen"]
[Site "Denmark"]
[Date "2010.12.05"]
[Round "3.4"]
[White "Christensen, Tobias"]
[Black "Lindfeldt, Jan Magnus"]
[Result "0-1"]
[WhiteElo "2366"]
[BlackElo "2225"]
[PlyCount "88"]
[EventDate "2010.11.06"]
[EventType "team-tourn"]
[EventRounds "9"]
[WhiteTeam "Aarhus/Skolerne"]
[BlackTeam "SK1968"]
[WhiteTeamCountry "DEN"]
[BlackTeamCountry "DEN"]

1. Nf3 g6 2. g3 Bg7 3. Bg2 c5 4. O-O Nc6 5. d3 d5 6. e4 dxe4 7. dxe4 Qxd1 8.
Rxd1 Bg4 9. c3 Ne5 10. Nbd2 Rd8 11. Rf1 Nd3 12. h3 Be6 13. Nb3 b6 14. Rd1 Nf6
15. Ne1 Nxc1 16. Rxd8+ Kxd8 17. Rxc1 Kc7 18. Rd1 g5 19. Nc2 Rd8 20. Rxd8 Kxd8
21. Ne3 Nd7 22. Bf1 Ne5 23. Kg2 h5 24. f3 h4 25. gxh4 gxh4 26. f4 Bh6 27. Nf5
Bxf5 28. exf5 Bxf4 29. a4 a5 30. Bb5 Kc7 31. Kf2 Kd6 32. Ke2 Kd5 33. Ba6 Ke4
34. Na1 Kxf5 35. Nc2 Bc1 36. b4 Kf4 37. bxc5 bxc5 38. Na1 Bb2 39. Nb3 Bxc3 40.
Nxc5 Bb4 41. Nd3+ Nxd3 42. Bxd3 e5 43. Bc4 f5 44. Be6 e4 0-1

[Event "XtraCon-Skakligaen"]
[Site "Denmark"]
[Date "2010.12.05"]
[Round "3.5"]
[White "Andersen, Lars Ren"]
[Black "Boe, Mads"]
[Result "0-1"]
[WhiteElo "2132"]
[BlackElo "2343"]
[PlyCount "114"]
[EventDate "2010.11.06"]
[EventType "team-tourn"]
[EventRounds "9"]
[WhiteTeam "SK1968"]
[BlackTeam "Aarhus/Skolerne"]
[WhiteTeamCountry "DEN"]
[BlackTeamCountry "DEN"]

1. Nf3 d5 2. c4 c6 3. b3 Bg4 4. e3 Nf6 5. Be2 Nbd7 6. Bb2 e6 7. O-O Bd6 8. d4
O-O 9. Nbd2 Qb8 10. h3 Bh5 11. Re1 b5 12. cxd5 cxd5 13. Rc1 a6 14. Rc6 Rc8 15.
Qc2 Bb4 16. Rxc8+ Qxc8 17. Rc1 Qd8 18. Bd3 Nb6 19. Qc7 Nfd7 20. Qxd8+ Rxd8 21.
Rc7 Rc8 22. Rxc8+ Nxc8 23. g4 Bg6 24. Bxg6 hxg6 25. Kf1 Na7 26. Ke2 Nc6 27. a3
Bd6 28. Ne1 Kf8 29. Nd3 Ke7 30. f4 f6 31. h4 Kd8 32. g5 Ne7 33. b4 Nf5 34. Nc5
Bxc5 35. dxc5 Ke7 36. Nf3 Nb8 37. Kd3 Nc6 38. e4 Ng3 39. exd5 exd5 40. Nd4 Nxd4
41. Bxd4 Nf5 42. Bf2 Ke6 43. Kc3 Ne7 44. Kd3 Nc6 45. Bd4 a5 46. Bc3 axb4 47.
axb4 Kf5 48. Ke3 d4+ 49. Bxd4 Nxb4 50. Kf3 Nd5 51. c6 b4 52. Bb2 b3 53. Bd4 Ke6
54. gxf6 gxf6 55. Kg4 Ne3+ 56. Kf3 Nf5 57. Ke4 Nxd4 0-1

[Event "XtraCon-Skakligaen"]
[Site "Denmark"]
[Date "2010.12.05"]
[Round "3.6"]
[White "Rendboe, John Filip"]
[Black "Hansen, Bjarne"]
[Result "1-0"]
[WhiteElo "2280"]
[BlackElo "2238"]
[PlyCount "91"]
[EventDate "2010.11.06"]
[EventType "team-tourn"]
[EventRounds "9"]
[WhiteTeam "Aarhus/Skolerne"]
[BlackTeam "SK1968"]
[WhiteTeamCountry "DEN"]
[BlackTeamCountry "DEN"]

1. d4 c5 2. d5 e5 3. e4 d6 4. Nf3 a6 5. a4 Be7 6. Be2 Bg4 7. O-O Bxf3 8. Bxf3
Bg5 9. Nd2 Bxd2 10. Bxd2 Nd7 11. a5 Ngf6 12. Qe2 O-O 13. g3 Re8 14. Bg2 Rc8 15.
c4 Rb8 16. Bc3 Re7 17. Rfe1 Qf8 18. Qc2 Ne8 19. f4 f6 20. Bh3 Nc7 21. b4 exf4
22. gxf4 Qe8 23. Qg2 Kh8 24. e5 fxe5 25. Bxd7 Qxd7 26. bxc5 Rf7 27. fxe5 dxe5
28. Rxe5 Ne8 29. Rae1 Nf6 30. h3 Rg8 31. d6 Qa4 32. Qe2 Qa3 33. Qb2 Qa4 34. Qe2
Qa3 35. Qe3 Qa2 36. Qd4 Nd7 37. Re7 Rf6 38. R7e2 Rg6+ 39. Kh2 Qa4 40. Re8 Nf6
41. Rxg8+ Kxg8 42. Re2 Qc6 43. Qe3 Nd7 44. Qe8+ Nf8 45. Qxc6 bxc6 46. Re7 1-0

[Event "XtraCon-Skakligaen"]
[Site "Denmark"]
[Date "2010.12.05"]
[Round "3.7"]
[White "Nielsen, Soren Holst"]
[Black "Jacobsen, Bo"]
[Result "0-1"]
[WhiteElo "2213"]
[BlackElo "2317"]
[PlyCount "42"]
[EventDate "2010.11.06"]
[EventType "team-tourn"]
[EventRounds "9"]
[WhiteTeam "SK1968"]
[BlackTeam "Aarhus/Skolerne"]
[WhiteTeamCountry "DEN"]
[BlackTeamCountry "DEN"]

1. e4 e5 2. Bc4 Nc6 3. Nf3 Be7 4. d3 Nf6 5. O-O O-O 6. a4 h6 7. c3 d5 8. exd5
Nxd5 9. Re1 Bg4 10. h3 Bh5 11. g4 Bg6 12. a5 Nf4 13. Bxf4 exf4 14. d4 Kh8 15.
Nbd2 a6 16. b4 Bd6 17. Nb3 f5 18. Bd3 Qf6 19. Qc2 fxg4 20. Bxg6 gxf3 21. Nc5
Qg5+ 0-1

[Event "XtraCon-Skakligaen"]
[Site "Denmark"]
[Date "2010.12.05"]
[Round "3.8"]
[White "Rewitz, Poul"]
[Black "Danstrup, Niels"]
[Result "1/2-1/2"]
[WhiteElo "2296"]
[BlackElo "2142"]
[PlyCount "141"]
[EventDate "2010.11.06"]
[EventType "team-tourn"]
[EventRounds "9"]
[WhiteTeam "Aarhus/Skolerne"]
[BlackTeam "SK1968"]
[WhiteTeamCountry "DEN"]
[BlackTeamCountry "DEN"]

1. e4 d6 2. d4 Nf6 3. Nc3 g6 4. Nf3 Bg7 5. h3 c6 6. a4 O-O 7. Be3 Qc7 8. Bd3 e5
9. O-O Nbd7 10. Re1 Re8 11. a5 d5 12. dxe5 Nxe4 13. Bxe4 dxe4 14. Nxe4 Nxe5 15.
Bf4 Bf5 16. Nxe5 Bxe4 17. Rxe4 Bxe5 18. Qe2 f6 19. b4 Re7 20. Bxe5 Rxe5 21.
Rxe5 fxe5 22. Qc4+ Qf7 23. Qxf7+ Kxf7 24. Rd1 Ke6 25. Kf1 b6 26. a6 b5 27. Ke2
Rb8 28. g4 Rb6 29. Rd8 Rxa6 30. Rh8 Ra2 31. Kd2 Ra3 32. Rxh7 Rf3 33. Ke2 Rc3
34. Kd2 Rf3 35. Ke2 Rc3 36. Kd2 Rf3 37. Ke1 Rc3 38. Kd1 Rf3 39. Ke1 Rc3 40. Kd1
Rf3 41. Rxa7 Rxh3 42. Rg7 Kf6 43. Rc7 Rc3 44. Kd2 Rc4 45. c3 e4 46. Rd7 Ke5 47.
Rg7 Kf6 48. Rd7 Ke5 49. Rf7 e3+ 50. fxe3 Rxg4 51. Kd3 Rg1 52. Re7+ Kd6 53. Rg7
c5 54. bxc5+ Kxc5 55. Ke4 Rg4+ 56. Ke5 Kc4 57. Rc7+ Kd3 58. Kf6 Rc4 59. Rb7
Rc6+ 60. Ke5 Rc5+ 61. Kd6 Rg5 62. Rd7 Kxc3 63. e4 b4 64. e5 b3 65. Rc7+ Kd4 66.
Rb7 Rxe5 67. Rb4+ Kc3 68. Rxb3+ Kxb3 69. Kxe5 g5 70. Kf5 g4 71. Kxg4 1/2-1/2

[Event "XtraCon-Skakligaen"]
[Site "Denmark"]
[Date "2010.12.05"]
[Round "3.1"]
[White "Hillarp Persson, Tiger"]
[Black "Rasmussen, Allan Stig"]
[Result "1-0"]
[WhiteElo "2528"]
[BlackElo "2538"]
[PlyCount "81"]
[EventDate "2010.11.06"]
[EventType "team-tourn"]
[EventRounds "9"]
[WhiteTeam "Bronshoj"]
[BlackTeam "Jetsmark"]
[WhiteTeamCountry "DEN"]
[BlackTeamCountry "DEN"]

1. Nf3 d5 2. c4 dxc4 3. Na3 a6 4. Nxc4 b5 5. Ne3 Bb7 6. b3 e5 7. Bb2 e4 8. Nd4
Nf6 9. g4 Nbd7 10. Qc2 c5 11. Ndf5 h6 12. h4 Qc7 13. Bh3 Ne5 14. O-O-O g5 15.
Qc3 Ned7 16. Bg2 Rg8 17. hxg5 Rxg5 18. d3 O-O-O 19. dxe4 Nxe4 20. Bxe4 Bxe4 21.
f3 Bc6 22. Nd5 Bxd5 23. Rxd5 Qf4+ 24. Kb1 Rxg4 25. Bc1 Qb4 26. Qxb4 Rxb4 27.
Bd2 Nf6 28. Rxd8+ Kxd8 29. Bxb4 cxb4 30. e4 Nh7 31. f4 Nf6 32. e5 Ne4 33. Nxh6
Ke7 34. f5 Ng3 35. Rh3 Ne2 36. Ng8+ Kd7 37. Rd3+ Kc6 38. e6 fxe6 39. fxe6 Nc3+
40. Kc2 Nd5 41. Rxd5 1-0

[Event "XtraCon-Skakligaen"]
[Site "Denmark"]
[Date "2010.12.05"]
[Round "3.2"]
[White "Pedersen, Christian Kyndel"]
[Black "Bekker Jensen, Simon"]
[Result "1/2-1/2"]
[WhiteElo "2435"]
[BlackElo "2397"]
[PlyCount "60"]
[EventDate "2010.11.06"]
[EventType "team-tourn"]
[EventRounds "9"]
[WhiteTeam "Jetsmark"]
[BlackTeam "Bronshoj"]
[WhiteTeamCountry "DEN"]
[BlackTeamCountry "DEN"]

1. d4 Nf6 2. c4 g6 3. Nc3 Bg7 4. Nf3 O-O 5. g3 d6 6. Bg2 c6 7. O-O Nbd7 8. e4
e5 9. h3 Qa5 10. Re1 exd4 11. Nxd4 Ne5 12. Bf1 Be6 13. Nxe6 fxe6 14. Kg2 Rad8
15. f4 Nf7 16. Bd2 Qc7 17. Qc2 e5 18. Be2 d5 19. Bd3 dxe4 20. Bxe4 Nd6 21. Bd3
exf4 22. Bxf4 Nh5 23. Ne2 c5 24. Be4 Qb6 25. Bd5+ Kh8 26. Bg5 Rde8 27. Rab1 Re5
28. Bf4 Nf5 29. Qd2 Ree8 30. b3 Nxf4+ 1/2-1/2

[Event "XtraCon-Skakligaen"]
[Site "Denmark"]
[Date "2010.12.05"]
[Round "3.3"]
[White "Hoi, Carsten"]
[Black "Glud, Jakob Vang"]
[Result "0-1"]
[WhiteElo "2413"]
[BlackElo "2474"]
[PlyCount "106"]
[EventDate "2010.11.06"]
[EventType "team-tourn"]
[EventRounds "9"]
[WhiteTeam "Bronshoj"]
[BlackTeam "Jetsmark"]
[WhiteTeamCountry "DEN"]
[BlackTeamCountry "DEN"]

1. Nf3 d5 2. e3 Nf6 3. c4 c6 4. Nc3 a6 5. a4 Bf5 6. d4 e6 7. Bd3 Bxd3 8. Qxd3
Nbd7 9. O-O Be7 10. b3 O-O 11. Bd2 Re8 12. h3 Bf8 13. Rfd1 Qb6 14. Rab1 Rad8
15. cxd5 cxd5 16. b4 e5 17. dxe5 Nxe5 18. Nxe5 Rxe5 19. a5 Qd6 20. Na4 Ne4 21.
Nc5 Qf6 22. Be1 Bxc5 23. bxc5 Rg5 24. f4 Rg6 25. Qd4 Qe7 26. Kh2 Nxc5 27. Bb4
Qe4 28. Qxe4 Nxe4 29. Be1 Nc5 30. Bb4 Ne4 31. Be1 Rd7 32. Rdc1 h6 33. Rc8+ Kh7
34. g4 d4 35. exd4 Rgd6 36. Rc4 f5 37. Kg2 Rd5 38. gxf5 Nd6 39. Rcb4 Rxa5 40.
f6 gxf6 41. Rb6 Rd5 42. Bb4 Ne4 43. Be1 Rxd4 44. Rxb7 Rxb7 45. Rxb7+ Kg6 46.
Rb6 Ra4 47. Rb8 Kf5 48. Rh8 Kxf4 49. Rxh6 Ra2+ 50. Kf1 Kf3 51. Rh5 Ra1 52. Rf5+
Ke3 53. Rd5 f5 0-1